000 01382nam a2200289Ia 4500
999 _c53276
_d53276
001 20317
003 GE_BSU
005 20200906230509.0
008 181216s1952||||ge |||||||||||||| ||geo||
040 _cGE_BSU
041 _ageo
080 _a373.5.016 : 82.05 რ-21
100 _aრამიშვილი, ვ.
_96912
245 _aმეტყველების განვითარების ზოგიერთი საკითხი საშუალო სკოლაში /
_cვ. რამიშვილი ; რედ. ვ.მახარაძე.
260 _aთბილისი
260 _bინსტიტუტის გამომცემლობა
260 _c1952
300 _a72გვ. ; 22სმ..
300 _bბიბლიოგრ. შენიშვნებში
541 _h38თ.
653 _aმეტყველების განვითარება საშუალო სკოლაში;
653 _aპედაგოგიკა
700 _aმახარაძე, ვ.
_eრედაქტორი
_99411
710 _aსაქართველოს სსრ განათლების სამინისტრო
_99412
710 _aპედაგოგიურ მეცნიერებათა ინსტიტუტი
_99341
942 _cBK
_2udc